<?xml version="1.0" encoding="UTF-8"?>
<record
    xmlns:xsi="http://www.w3.org/2001/XMLSchema-instance"
    xsi:schemaLocation="http://www.loc.gov/MARC21/slim http://www.loc.gov/standards/marcxml/schema/MARC21slim.xsd"
    xmlns="http://www.loc.gov/MARC21/slim">

  <leader>00467nam a22001697a 4500</leader>
  <controlfield tag="003">SGT</controlfield>
  <datafield tag="020" ind1=" " ind2=" ">
    <subfield code="a">978-81-312-4230-8</subfield>
  </datafield>
  <datafield tag="082" ind1=" " ind2=" ">
    <subfield code="a">616.5</subfield>
    <subfield code="b">I17K</subfield>
  </datafield>
  <datafield tag="100" ind1=" " ind2=" ">
    <subfield code="a">KHANNA,NEENA</subfield>
  </datafield>
  <datafield tag="245" ind1=" " ind2=" ">
    <subfield code="a">ILLUSTRATED SYNOPSIS OF DERMATOLOGY AND SEXUALLY TRANSMITTED DISEASES</subfield>
  </datafield>
  <datafield tag="250" ind1=" " ind2=" ">
    <subfield code="a">5TH</subfield>
  </datafield>
  <datafield tag="260" ind1=" " ind2=" ">
    <subfield code="a">NEW DELHI</subfield>
    <subfield code="b">ELSEVIER, </subfield>
    <subfield code="c">2017</subfield>
  </datafield>
  <datafield tag="300" ind1=" " ind2=" ">
    <subfield code="a">460</subfield>
  </datafield>
  <datafield tag="650" ind1=" " ind2=" ">
    <subfield code="a">AYURVEDA</subfield>
  </datafield>
  <datafield tag="653" ind1=" " ind2=" ">
    <subfield code="a"> SYNOPSIS DERMATOLOGY,SEXUALLY TRANSMITTED, DISEASES, DERMATOLOGY,</subfield>
  </datafield>
  <datafield tag="942" ind1=" " ind2=" ">
    <subfield code="2">ddc</subfield>
    <subfield code="c">BK</subfield>
    <subfield code="0">1</subfield>
  </datafield>
  <datafield tag="952" ind1=" " ind2=" ">
    <subfield code="0">0</subfield>
    <subfield code="1">0</subfield>
    <subfield code="2">ddc</subfield>
    <subfield code="4">0</subfield>
    <subfield code="5">1</subfield>
    <subfield code="7">0</subfield>
    <subfield code="8">FA</subfield>
    <subfield code="a">APL</subfield>
    <subfield code="b">APL</subfield>
    <subfield code="c">REF</subfield>
    <subfield code="d">2019-02-18</subfield>
    <subfield code="e">AHUJA PUB</subfield>
    <subfield code="g">1200.00</subfield>
    <subfield code="i">SGTU</subfield>
    <subfield code="o">616.5 I17K</subfield>
    <subfield code="p">FA10082</subfield>
    <subfield code="r">2019-02-18 00:00:00</subfield>
    <subfield code="w">2019-02-07</subfield>
    <subfield code="y">BK</subfield>
    <subfield code="k">10644</subfield>
  </datafield>
  <datafield tag="952" ind1=" " ind2=" ">
    <subfield code="0">0</subfield>
    <subfield code="1">0</subfield>
    <subfield code="2">ddc</subfield>
    <subfield code="4">0</subfield>
    <subfield code="7">0</subfield>
    <subfield code="8">FA</subfield>
    <subfield code="a">APL</subfield>
    <subfield code="b">APL</subfield>
    <subfield code="c">TXT</subfield>
    <subfield code="d">2019-02-18</subfield>
    <subfield code="e">AHUJA PUB</subfield>
    <subfield code="g">1200.00</subfield>
    <subfield code="i">SGTU</subfield>
    <subfield code="l">3</subfield>
    <subfield code="o">616.5 I17K</subfield>
    <subfield code="p">FA10083</subfield>
    <subfield code="r">2025-04-10 00:00:00</subfield>
    <subfield code="s">2025-04-02</subfield>
    <subfield code="w">2019-02-07</subfield>
    <subfield code="y">BK</subfield>
    <subfield code="k">10644</subfield>
  </datafield>
  <datafield tag="952" ind1=" " ind2=" ">
    <subfield code="0">0</subfield>
    <subfield code="1">0</subfield>
    <subfield code="2">ddc</subfield>
    <subfield code="4">0</subfield>
    <subfield code="7">0</subfield>
    <subfield code="8">FA</subfield>
    <subfield code="a">APL</subfield>
    <subfield code="b">APL</subfield>
    <subfield code="c">TXT</subfield>
    <subfield code="d">2019-02-18</subfield>
    <subfield code="e">AHUJA PUB</subfield>
    <subfield code="g">1200.00</subfield>
    <subfield code="i">SGTU</subfield>
    <subfield code="l">2</subfield>
    <subfield code="o">616.5 I17K</subfield>
    <subfield code="p">FA10084</subfield>
    <subfield code="r">2025-05-06 00:00:00</subfield>
    <subfield code="s">2025-01-28</subfield>
    <subfield code="w">2019-02-07</subfield>
    <subfield code="y">BK</subfield>
    <subfield code="k">10644</subfield>
  </datafield>
  <datafield tag="952" ind1=" " ind2=" ">
    <subfield code="0">0</subfield>
    <subfield code="1">0</subfield>
    <subfield code="2">ddc</subfield>
    <subfield code="4">0</subfield>
    <subfield code="5">1</subfield>
    <subfield code="7">0</subfield>
    <subfield code="8">FA</subfield>
    <subfield code="a">APL</subfield>
    <subfield code="b">APL</subfield>
    <subfield code="c">REF</subfield>
    <subfield code="d">2019-02-18</subfield>
    <subfield code="e">AHUJA PUB</subfield>
    <subfield code="g">1200.00</subfield>
    <subfield code="i">SGTU</subfield>
    <subfield code="o">616.5 I17K</subfield>
    <subfield code="p">FA10085</subfield>
    <subfield code="r">2019-02-18 00:00:00</subfield>
    <subfield code="w">2019-02-07</subfield>
    <subfield code="y">BK</subfield>
    <subfield code="k">10644</subfield>
  </datafield>
  <datafield tag="952" ind1=" " ind2=" ">
    <subfield code="0">0</subfield>
    <subfield code="1">0</subfield>
    <subfield code="2">ddc</subfield>
    <subfield code="4">0</subfield>
    <subfield code="7">0</subfield>
    <subfield code="8">FA</subfield>
    <subfield code="a">APL</subfield>
    <subfield code="b">APL</subfield>
    <subfield code="c">TXT</subfield>
    <subfield code="d">2019-02-18</subfield>
    <subfield code="e">AHUJA PUB</subfield>
    <subfield code="g">1200.00</subfield>
    <subfield code="i">SGTU</subfield>
    <subfield code="l">2</subfield>
    <subfield code="o">616.5 I17K</subfield>
    <subfield code="p">FA10086</subfield>
    <subfield code="r">2026-02-04 00:00:00</subfield>
    <subfield code="s">2025-11-12</subfield>
    <subfield code="w">2019-02-07</subfield>
    <subfield code="y">BK</subfield>
    <subfield code="k">10644</subfield>
  </datafield>
  <datafield tag="999" ind1=" " ind2=" ">
    <subfield code="c">16918</subfield>
    <subfield code="d">16918</subfield>
  </datafield>
</record>
